In Labors Abundant: (Record no. 4571)

MARC details
000 -LEADER
fixed length control field 00525nam a22001817a 4500
003 - CONTROL NUMBER IDENTIFIER
control field GBCCL
005 - DATE AND TIME OF LATEST TRANSACTION
control field 20241126110521.0
008 - FIXED-LENGTH DATA ELEMENTS--GENERAL INFORMATION
fixed length control field 171214b xxu||||| |||| 00| 0 eng d
040 ## - CATALOGING SOURCE
Transcribing agency gbc
082 ## - DEWEY DECIMAL CLASSIFICATION NUMBER
Classification number 253.092
Item number HIN
100 ## - MAIN ENTRY--PERSONAL NAME
Personal name Hinshaw, Amy N.
9 (RLIN) 7548
245 ## - TITLE STATEMENT
Title In Labors Abundant:
Remainder of title A Biography of H.F. Reynolds,D.D. /
Statement of responsibility, etc. Amy N. Hinshaw
260 ## - PUBLICATION, DISTRIBUTION, ETC.
Name of publisher, distributor, etc. Nazarene Publishing House
Place of publication, distribution, etc. Kansas:
300 ## - PHYSICAL DESCRIPTION
Extent 287 p.;
Dimensions 21 cm.
650 ## - SUBJECT ADDED ENTRY--TOPICAL TERM
Topical term or geographic name entry element Christian biography
9 (RLIN) 1119
650 ## - SUBJECT ADDED ENTRY--TOPICAL TERM
Topical term or geographic name entry element H.F. Reynolds
Form subdivision biography
9 (RLIN) 8453
942 ## - ADDED ENTRY ELEMENTS (KOHA)
Source of classification or shelving scheme Dewey Decimal Classification
Koha item type Books
Holdings
Withdrawn status Lost status Source of classification or shelving scheme Damaged status Not for loan Home library Current Library Shelving location Date acquired Total checkouts Full call number Barcode Date last seen Copy number Price effective from Koha item type
    Dewey Decimal Classification     GRACE BIBLE COLLEGE GRACE BIBLE COLLEGE Ministry & Mission 2018-01-24   253.092 HIN 001921 2025-05-01 c.1 2018-01-24 Books
© Grace Bible College Library 2025